000 00486nam a2200181Ia 4500
008 090630s9999 xx 000 0 und d
082 _b28017
100 _aMc Dermid Val.
245 _aThe Distant Echo - Select Edition 5.
_cMc Dermid Val.
260 _b---
300 _a538
600 _aMc Dermid Val.
630 _aThe Distant Echo - Select Edition 5.
655 _aEnglish.
700 _aMc Dermid Val.
730 _aThe Distant Echo - Select Edition 5.
942 _cBOOK
999 _c279873
_d279873